| 000 | 00402nam a2200157Ia 4500 | ||
|---|---|---|---|
| 008 | 230312s9999||||xx |||||||||||||| ||und|| | ||
| 020 | _a0-07-010446-8 | ||
| 082 |
_a658.4012 _bCER-S |
||
| 100 | _aCerto,Samuel C. | ||
| 245 | 0 | _aStrategic Management | |
| 260 |
_bMcGraw Hill _aSingapore _c1990 |
||
| 300 | _a331 | ||
| 546 | _aEng. | ||
| 650 |
_aManagement _vOverview of Strategic Management. |
||
| 942 | _cBK | ||
| 999 |
_c674 _d674 |
||